<?xml version="1.0" encoding="UTF-8"?>
<marc:record xmlns:marc="http://www.loc.gov/MARC21/slim">
   <marc:leader>00000nam a2200000 a 4500</marc:leader>
   <marc:datafield ind1="1" ind2=" " tag="100">
      <marc:subfield code="a">Müller, Sven-David</marc:subfield>
      <marc:subfield code="4">aut</marc:subfield>
      <marc:subfield code="e">Verfasser/-in</marc:subfield>
   </marc:datafield>
   <marc:datafield ind1="1" ind2=" " tag="100">
      <marc:subfield code="a">Weißenberger, Christiane</marc:subfield>
      <marc:subfield code="4">aut</marc:subfield>
      <marc:subfield code="e">Verfasser/-in</marc:subfield>
   </marc:datafield>
   <marc:datafield ind1=" " ind2=" " tag="653">
      <marc:subfield code="a">Herzkrankheit</marc:subfield>
   </marc:datafield>
   <marc:datafield ind1=" " ind2=" " tag="653">
      <marc:subfield code="a">Ernährung</marc:subfield>
   </marc:datafield>
   <marc:datafield ind1=" " ind2=" " tag="653">
      <marc:subfield code="a">Gefäßkrankheit</marc:subfield>
   </marc:datafield>
   <marc:datafield ind1=" " ind2=" " tag="653">
      <marc:subfield code="a">Ernährungsbedingte Folgekrankheiten</marc:subfield>
   </marc:datafield>
   <marc:datafield ind1=" " ind2=" " tag="653">
      <marc:subfield code="a">Ernährungsratgeber</marc:subfield>
   </marc:datafield>
   <marc:datafield ind1=" " ind2=" " tag="653">
      <marc:subfield code="a">Ratgeber</marc:subfield>
   </marc:datafield>
   <marc:datafield ind1=" " ind2=" " tag="653">
      <marc:subfield code="a">Kochbuch</marc:subfield>
   </marc:datafield>
   <marc:datafield ind1="0" ind2="0" tag="245">
      <marc:subfield code="a">Ernährungsratgeber Herz und Gefäße</marc:subfield>
   </marc:datafield>
   <marc:datafield ind1="0" ind2="0" tag="245">
      <marc:subfield code="b">genießen erlaubt ; richtig essen und trinken gegen Bluthochdruck sowie erhöhte Blutfettwerte</marc:subfield>
   </marc:datafield>
   <marc:datafield ind1="0" ind2="0" tag="245">
      <marc:subfield code="c">Sven-David Müller-Nothmann ; Christiane Weißenberger</marc:subfield>
   </marc:datafield>
   <marc:datafield ind1=" " ind2="1" tag="264">
      <marc:subfield code="a">Hannover</marc:subfield>
      <marc:subfield code="b">Schlütersche</marc:subfield>
      <marc:subfield code="c">2008</marc:subfield>
   </marc:datafield>
   <marc:datafield ind1="1" ind2=" " tag="490">
      <marc:subfield code="a">Ratgeber Gesundheit</marc:subfield>
   </marc:datafield>
   <marc:datafield ind1="1" ind2=" " tag="520">
      <marc:subfield code="a">Angaben aus der Verlagsmeldung

Ernährungsratgeber Herz und Gefäße : Genießen erlaubt / von Sven D Müller-Nothmann, Christiane Weißenberger

 Medizinische Grundlagen
 Wie Herz und Gefäße funktionieren
 Risikofaktoren für Herz und Gefäße
 Mehr Bewegung schützt Herz und Gefäße
 Gesunde Ernährung – eine Wohltat fürs Herz
 Vitale Frühstücke
 Herzhafte Mittagessen
 Leichte Abendessen
 Süße Köstlichkeiten
50 % der Menschen in Deutschland sterben an Herz-Kreislauf-Erkrankungen. Häufig sind falsche Ernährung sowie Bewegungsmangel die Ursachen.
Dieser Ratgeber hilft Herz-Kreislauf-Patienten, sich bewusst zu ernähren. Ernährungs- und Pharmakotherapie lassen sich dabei sinnvoll ergänzen. In vielen Fällen macht die Umstellung der Ernährung und der Lebensgewohnheiten Medikamente sogar überflüssig.
Dazu geben die Autoren viele praktische Tipps. Ihre kreativen Koch- und Backrezepte erleichtern dem Patienten und seinen Angehörigen, ihre Ernährung umzustellen und so Krankheiten vorzubeugen.
Alle Rezepte sind mit Kalorien-, Nährstoff-, Ballaststoff- und Cholesterinangaben.
</marc:subfield>
   </marc:datafield>
   <marc:datafield ind1=" " ind2=" " tag="020">
      <marc:subfield code="a">9783899935462</marc:subfield>
      <marc:subfield code="9">9783899935462</marc:subfield>
   </marc:datafield>
   <marc:datafield ind1=" " ind2=" " tag="041">
      <marc:subfield code="a">ger</marc:subfield>
   </marc:datafield>
   <marc:datafield ind1=" " ind2=" " tag="300">
      <marc:subfield code="a">151 S.</marc:subfield>
   </marc:datafield>
</marc:record>
